<?xml version="1.0" encoding="UTF-8"?>
<record
    xmlns:xsi="http://www.w3.org/2001/XMLSchema-instance"
    xsi:schemaLocation="http://www.loc.gov/MARC21/slim http://www.loc.gov/standards/marcxml/schema/MARC21slim.xsd"
    xmlns="http://www.loc.gov/MARC21/slim">

  <leader>04485nam a2200529 i 4500</leader>
  <controlfield tag="001">40617</controlfield>
  <controlfield tag="003">FINmELB</controlfield>
  <controlfield tag="005">20241216221908.0</controlfield>
  <controlfield tag="006">m     o  u        </controlfield>
  <controlfield tag="007">cr cn|||||||||</controlfield>
  <controlfield tag="008">220125s2019    mx     fob    000 0 spa d</controlfield>
  <datafield tag="020" ind1=" " ind2=" ">
    <subfield code="z">9786076282755</subfield>
  </datafield>
  <datafield tag="020" ind1=" " ind2=" ">
    <subfield code="a">9786076289341</subfield>
    <subfield code="q">(e-book)</subfield>
  </datafield>
  <datafield tag="035" ind1=" " ind2=" ">
    <subfield code="a">(OCoLC)1298603015</subfield>
  </datafield>
  <datafield tag="040" ind1=" " ind2=" ">
    <subfield code="a">FINmELB</subfield>
    <subfield code="b">spa</subfield>
    <subfield code="e">rda</subfield>
    <subfield code="c">FINmELB</subfield>
  </datafield>
  <datafield tag="041" ind1="1" ind2=" ">
    <subfield code="a">spa</subfield>
    <subfield code="h">por</subfield>
  </datafield>
  <datafield tag="043" ind1=" " ind2=" ">
    <subfield code="a">s-bl---</subfield>
    <subfield code="a">s-cl---</subfield>
    <subfield code="a">s-ve---</subfield>
    <subfield code="a">d------</subfield>
  </datafield>
  <datafield tag="050" ind1=" " ind2="4">
    <subfield code="a">F2232.2.D48</subfield>
    <subfield code="b">B786 2019</subfield>
  </datafield>
  <datafield tag="082" ind1="0" ind2="4">
    <subfield code="a">327.8</subfield>
    <subfield code="2">23</subfield>
  </datafield>
  <datafield tag="100" ind1="1" ind2=" ">
    <subfield code="a">Brun, &#xC9;lodie,</subfield>
    <subfield code="e">autor.</subfield>
  </datafield>
  <datafield tag="245" ind1="1" ind2="3">
    <subfield code="a">El cambio internacional mediante las relaciones Sur-Sur :</subfield>
    <subfield code="b">los lazos de Brasil, Chile y Venezuela con los pa&#xED;ses en desarrollo de &#xC1;frica, Asia y el Medio Oriente /</subfield>
    <subfield code="c">&#xC9;lodie Brun ; traducci&#xF3;n de Arturo G&#xF3;mez-Lamadrid Berist&#xE1;in.</subfield>
  </datafield>
  <datafield tag="250" ind1=" " ind2=" ">
    <subfield code="a">Primera edici&#xF3;n = 1a edici&#xF3;n en espa&#xF1;ol, versi&#xF3;n revisada y actualizada.</subfield>
  </datafield>
  <datafield tag="264" ind1=" " ind2="1">
    <subfield code="a">Ciudad de M&#xE9;xico :</subfield>
    <subfield code="b">El Colegio de M&#xE9;xico, Centro de Estudios Internacionales,</subfield>
    <subfield code="c">2019.</subfield>
  </datafield>
  <datafield tag="300" ind1=" " ind2=" ">
    <subfield code="a">1 recurso en l&#xED;nea (vol&#xFA;menes)</subfield>
  </datafield>
  <datafield tag="336" ind1=" " ind2=" ">
    <subfield code="a">texto</subfield>
    <subfield code="b">txt</subfield>
    <subfield code="2">rdacontent/spa</subfield>
  </datafield>
  <datafield tag="337" ind1=" " ind2=" ">
    <subfield code="a">computadora</subfield>
    <subfield code="b">c</subfield>
    <subfield code="2">rdamedia/spa</subfield>
  </datafield>
  <datafield tag="338" ind1=" " ind2=" ">
    <subfield code="a">recurso en l&#xED;nea</subfield>
    <subfield code="b">cr</subfield>
    <subfield code="2">rdacarrier/spa</subfield>
  </datafield>
  <datafield tag="500" ind1=" " ind2=" ">
    <subfield code="a">Presentado originalmente como la tesis de la autora (doctoral)--Instituto de Ciencias Pol&#xED;ticas de Par&#xED;s, 2012.</subfield>
  </datafield>
  <datafield tag="500" ind1=" " ind2=" ">
    <subfield code="a">La biblioteca tiene: volumen 1.</subfield>
  </datafield>
  <datafield tag="504" ind1=" " ind2=" ">
    <subfield code="a">Incluye referencias bibliogr&#xE1;ficas.</subfield>
  </datafield>
  <datafield tag="505" ind1="0" ind2="0">
    <subfield code="g">Volumen 1. Versi&#xF3;n revisada y actualizada.</subfield>
    <subfield code="t">Introducci&#xF3;n --</subfield>
    <subfield code="g">Primera parte. Descentralizaci&#xF3;n de la escena mundial.</subfield>
    <subfield code="t">I. Una herencia influyente --</subfield>
    <subfield code="t">A. Los primeros pasos fundadores --</subfield>
    <subfield code="t">B. El par&#xE9;ntesis de los a&#xF1;os noventa --</subfield>
    <subfield code="t">Conclusi&#xF3;n del cap&#xED;tulo --</subfield>
    <subfield code="t">II. Nuevo milenio, nueva din&#xE1;mica --</subfield>
    <subfield code="t">A. Red pol&#xED;tica ampliada y estrechada --</subfield>
    <subfield code="t">B. Intercambios econ&#xF3;micos : una densificaci&#xF3;n contrastada --</subfield>
    <subfield code="t">C. La diplomacia solidaria en boga --</subfield>
    <subfield code="t">D. La diversificaci&#xF3;n de los lazos materiales : diplomacia cultural y defensa --</subfield>
    <subfield code="t">Conclusi&#xF3;n del cap&#xED;tulo --</subfield>
    <subfield code="t">Conclusi&#xF3;n de la primera parte --</subfield>
    <subfield code="g">Segunda parte. La contestaci&#xF3;n hace la uni&#xF3;n.</subfield>
    <subfield code="t">III. Una uni&#xF3;n construida entre voluntades de ayer y oportunidades de hoy --</subfield>
    <subfield code="t">A. La reactivaci&#xF3;n de pr&#xE1;cticas tradicionales --</subfield>
    <subfield code="t">B. Ventana de oportunidades en un marco preestablecido --</subfield>
    <subfield code="t">C. Divisiones internas persistentes y acentuadas --</subfield>
    <subfield code="t">Conclusi&#xF3;n del cap&#xED;tulo --</subfield>
    <subfield code="t">IV. Reapropiaci&#xF3;n y reinvenci&#xF3;n de las normas existentes --</subfield>
    <subfield code="t">A. Regreso a la fuente : la defensa de la soberan&#xED;a pol&#xED;tica --</subfield>
    <subfield code="t">B. Una sugerencia : la resoluci&#xF3;n de los conflictos mediante la persuasi&#xF3;n --</subfield>
    <subfield code="t">C. Una innovaci&#xF3;n : la elecci&#xF3;n del desarrollo mediante la integraci&#xF3;n --</subfield>
    <subfield code="t">Conclusi&#xF3;n del cap&#xED;tulo --</subfield>
    <subfield code="t">Conclusi&#xF3;n de la segunda parte --</subfield>
    <subfield code="g">Tercera parte. Desaf&#xED;os para el Sur, autenticidad y arraigamiento.</subfield>
    <subfield code="t">V. Entre ret&#xF3;rica tradicional y aplicaci&#xF3;n desnaturalizada --</subfield>
    <subfield code="t">A. Cooperaci&#xF3;n Sur-Sur y limitaciones --</subfield>
    <subfield code="t">B. Relaciones Sur-Sur y ego&#xED;smo --</subfield>
    <subfield code="t">Conclusiones del cap&#xED;tulo --</subfield>
    <subfield code="t">VI. El arraigamiento societal como &#xFA;ltima frontera --</subfield>
    <subfield code="t">A. Consenso social en torno a la pol&#xED;tica exterior en Chile --</subfield>
    <subfield code="t">B. La durabilidad de la pol&#xED;tica exterior cuestionada --</subfield>
    <subfield code="t">C. Brasil : inter&#xE9;s societal creciente e impulso --</subfield>
    <subfield code="t">D. Desaf&#xED;o parad&#xF3;jico : la dependencia de los gobiernos --</subfield>
    <subfield code="t">Conclusi&#xF3;n del cap&#xED;tulo --</subfield>
    <subfield code="t">Conclusi&#xF3;n de la tercera parte --</subfield>
    <subfield code="t">Conclusi&#xF3;n general.</subfield>
  </datafield>
  <datafield tag="588" ind1=" " ind2=" ">
    <subfield code="a">Descripci&#xF3;n basada en metadatos suministrados por el editor y otras fuentes.</subfield>
  </datafield>
  <datafield tag="590" ind1=" " ind2=" ">
    <subfield code="a">Recurso electr&#xF3;nico. Santa Fe, Arg.: elibro, 2022. Disponible v&#xED;a World Wide Web. El acceso puede estar limitado para las bibliotecas afiliadas a elibro.</subfield>
  </datafield>
  <datafield tag="651" ind1=" " ind2="4">
    <subfield code="a">Brasil</subfield>
    <subfield code="x">Relaciones exteriores</subfield>
    <subfield code="z">Pa&#xED;ses Emergentes</subfield>
    <subfield code="y">Siglo XXI.</subfield>
  </datafield>
  <datafield tag="651" ind1=" " ind2="4">
    <subfield code="a">Chile</subfield>
    <subfield code="x">Relaciones exteriores</subfield>
    <subfield code="z">Pa&#xED;ses Emergentes</subfield>
    <subfield code="y">Siglo XXI.</subfield>
  </datafield>
  <datafield tag="651" ind1=" " ind2="4">
    <subfield code="a">Venezuela</subfield>
    <subfield code="x">Relaciones exteriores</subfield>
    <subfield code="z">Pa&#xED;ses Emergentes</subfield>
    <subfield code="y">Siglo XXI.</subfield>
  </datafield>
  <datafield tag="651" ind1=" " ind2="0">
    <subfield code="a">South America</subfield>
    <subfield code="x">Foreign relations</subfield>
    <subfield code="z">Developing countries.</subfield>
  </datafield>
  <datafield tag="651" ind1=" " ind2="0">
    <subfield code="a">Developing countries</subfield>
    <subfield code="x">Foreign relations</subfield>
    <subfield code="z">South America.</subfield>
  </datafield>
  <datafield tag="651" ind1=" " ind2="4">
    <subfield code="a">Pa&#xED;ses en desarrollo</subfield>
    <subfield code="x">Relaciones exteriores</subfield>
    <subfield code="z">Brasil</subfield>
    <subfield code="y">Siglo XXI.</subfield>
  </datafield>
  <datafield tag="651" ind1=" " ind2="4">
    <subfield code="a">Pa&#xED;ses en desarrollo</subfield>
    <subfield code="x">Relaciones exteriores</subfield>
    <subfield code="z">Chile</subfield>
    <subfield code="y">Siglo XXI.</subfield>
  </datafield>
  <datafield tag="651" ind1=" " ind2="4">
    <subfield code="a">Pa&#xED;ses en desarrollo</subfield>
    <subfield code="x">Relaciones exteriores</subfield>
    <subfield code="z">Venezuela</subfield>
    <subfield code="y">Siglo XXI.</subfield>
  </datafield>
  <datafield tag="651" ind1=" " ind2="4">
    <subfield code="a">Cooperaci&#xF3;n internacional.</subfield>
  </datafield>
  <datafield tag="655" ind1=" " ind2="4">
    <subfield code="a">Libros electr&#xF3;nicos.</subfield>
  </datafield>
  <datafield tag="700" ind1="1" ind2=" ">
    <subfield code="a">G&#xF3;mez-Lamadrid Berist&#xE1;in, Arturo,</subfield>
    <subfield code="e">traductor.</subfield>
  </datafield>
  <datafield tag="797" ind1="2" ind2=" ">
    <subfield code="a">elibro, Corp.</subfield>
  </datafield>
  <datafield tag="856" ind1="4" ind2="0">
    <subfield code="u">https://elibro.net/ereader/politecnicointernacional/195017</subfield>
  </datafield>
  <datafield tag="999" ind1=" " ind2=" ">
    <subfield code="c">40617</subfield>
    <subfield code="d">40617</subfield>
  </datafield>
</record>
